Restructuring the state: (Record no. 506649)

000 -LEADER
fixed length control field 00477nam a2200169Ia 4500
008 - FIXED-LENGTH DATA ELEMENTS--GENERAL INFORMATION
fixed length control field 181130s2018 xx 000 0 und d
100 ## - MAIN ENTRY--PERSONAL NAME
Personal name Toubeau, Simon
245 ## - TITLE STATEMENT
Title Restructuring the state:
Remainder of title mainstream responses to regional nationalism
260 ## - PUBLICATION, DISTRIBUTION, ETC.
Date of publication, distribution, etc. 2018
300 ## - PHYSICAL DESCRIPTION
Extent p.76-101.
504 ## - BIBLIOGRAPHY, ETC. NOTE
-- Winter
650 ## - SUBJECT ADDED ENTRY--TOPICAL TERM
Topical term or geographic name entry element Federalism
650 ## - SUBJECT ADDED ENTRY--TOPICAL TERM
Topical term or geographic name entry element Inter governmental relations
650 ## - SUBJECT ADDED ENTRY--TOPICAL TERM
Topical term or geographic name entry element Regionalism
773 ## - HOST ITEM ENTRY
Main entry heading Publius: the Journal of Federalism
906 ## - LOCAL DATA ELEMENT F, LDF (RLIN)
a Regionalism
Holdings
Withdrawn status Lost status Damaged status Not for loan Permanent Location Current Location Date acquired Serial Enumeration / chronology Barcode Date last seen Price effective from Koha item type
        Indian Institute of Public Administration Indian Institute of Public Administration 2018-12-07 48(1), Winter, 2018: p.76-101. AR118444 2018-12-07 2018-12-07 Articles

Powered by Koha